000
00315nam a2200133Ia 4500
005
20251222143238.0
008
251222s9999||||xx |||||||||||||| ||spa||
020
_a
968-19-0975-5
082
_a
869.813/B42I
100
_a
Benedetti, Mario
245
0
_a
Insomnios y Duermevelas
264
_b
Alfaguara
942
_c
LIB
999
_c
14448
_d
14448